Stavbu evanjelického kostola v Spišskej dokončili pred 220 rokmi

Bibliographic Details
Main Author: Števík, Miroslav, 1965- (Author)
Format: Article
Language:Slovak
PhysicalDescription:Fotogr.
ISSN:1339-9535
Subjects:
Online Access:https://spis.korzar.sme.sk/c/8195703/stavbu-evanjelickeho-kostola-vspisskej-novej-vsi-dokoncili-pred-220-rokmi.html

MARC

LEADER 00000nab a2200000 ar4500
001 vtls011710461
003 SK-MaSNL
005 20260303082428.0
008 170911c 2016xo mr|p|||||||000 b|slo
038 |a SNSK 
040 |b slo  |c SNSK  |e AACR2 
041 |a slo 
044 |a xo  |c SK 
080 |a 726  |2 2011 
080 |a 27-523.42  |2 2011 
080 |a 279.123  |2 snsk 
100 1 |a Števík, Miroslav,  |d 1965-  |4 aut  |9 154476 
245 1 0 |a Stavbu evanjelického kostola v Spišskej dokončili pred 220 rokmi  |c Miroslav Števík 
300 |b Fotogr. 
610 2 7 |a Evanjelický kostol (Spišská Nová Ves, Slovensko)  |2 snsk  |9 224961 
648 7 |a 1796  |2 snsk  |9 1087318 
650 0 7 |a klasicizmus  |2 snsk  |9 20244 
650 0 7 |a kostoly  |2 snsk  |9 3023 
650 0 7 |a historické pamiatky  |2 snsk  |9 75346 
650 0 7 |a dejiny  |2 snsk  |9 3825 
651 7 |a Spišská Nová Ves (Slovensko)  |2 snsk  |9 28800 
773 0 |t Noviny Spiša : týždenník pre okresy: Poprad, Sp. N. Ves, Kežmarok, Gelnica, Levoča  |g Roč. 02, č. 21 (31.5.-6.6.2016), s. 19  |x 1339-9535 
852 |a SNSK  |b KIS3GCP 
856 4 1 |u https://spis.korzar.sme.sk/c/8195703/stavbu-evanjelickeho-kostola-vspisskej-novej-vsi-dokoncili-pred-220-rokmi.html 
999 |c 1787939  |d 1789869